SEVENTEEN All Songs [October 2025] - Statistics

General Stats
  • This quiz has been taken 259 times
  • The average score is 149 of 261
Answer Stats
ALBUMS SONGS % Correct
Adore U
99%
Pretty U
94%
Rock
94%
Rock with you
94%
Home
93%
HOT
93%
w/ Lee Young Ji Fighting
92%
Go!
92%
Go
92%
Super
92%
17 IS RIGHT HERE MAESTRO
91%
THUNDER
91%
Left & Right
90%
VERY NICE
90%
Who
90%
_WORLD
90%
God of Music
89%
; [Semicolon] HOME;RUN
89%
Mansae
89%
Water
89%
CHEERS
87%
CLAP
87%
Al1 Don't Wanna Cry
87%
Fear
86%
LALALI
86%
Rain
86%
Spell
86%
BOOMBOOM
85%
LOVE, MONEY, FAME
85%
Cheers to youth
84%
An Ode HIT
84%
FACE THE SUN Darl+ing
83%
Fire
83%
TRAUMA
83%
w/ Lay Bankz 5, 4, 3 (Pretty Woman)
82%
Jungle
82%
Monster
82%
99.9%
80%
Kidult
80%
Skyfall
80%
Attacca To you
80%
Happy Virus
79%
HAPPY BURSTDAY HBD
79%
JxW [Jeonghan x Wonwoo] Last night
79%
Ready to love
79%
17 CARAT Shining Diamond
79%
Trigger
79%
Ash
78%
Bad Influence
78%
w/ MINGYU Bittersweet
78%
Crush
78%
STUPID IDIOT
78%
HxW [Hoshi x Woozi] 96ers
77%
Candy
77%
March
77%
Shadow
77%
w/ Peder Elias 7PM
76%
Anyone
76%
CBZ (Prime time)
76%
SECTOR 17 Circles
76%
SPILL THE FEELS Eyes on you
76%
FML F*ck My Life
76%
Heng:garæ Fearless
76%
Fortunate Change
76%
LUNCH
76%
Shake It Off
76%
Light a Flame
75%
Shining Star
75%
HOSHI Spider
75%
THANKS
75%
20
74%
April Shower
74%
Going Seventeen BEAUTIFUL
74%
DON QUIXOTE
74%
Our dawn is hotter than day
74%
Wait
74%
Campfire
72%
Dust
72%
I Don't Understand But I Luv U
72%
BSS [BooSeokSoon] Just do it
72%
Domino
71%
Gemini
71%
Holiday
71%
Love Letter
70%
SEVENTEENTH HEAVEN SOS
70%
1 TO 13
69%
2 MINUS 1
69%
Do Re Mi
69%
Getting Closer
69%
HIGHLIGHT
69%
Pinwheel
69%
Raindrops
69%
24H
68%
Beautiful Monster
68%
Fallin' Flower
68%
Together
68%
CALL CALL CALL!
67%
Headliner
67%
My My
67%
CHANGE UP
66%
Coincidence
66%
Habit
66%
PANG!
66%
PSYCHO
66%
Run to you
66%
Snap Shoot
66%
Yawn
66%
Diamond Days
64%
DREAM
64%
GAM3 BO1
64%
YOU MAKE MY DAWN Good to Me
64%
w/ So!YoON! PINOCCHIO
64%
Ruby
64%
Smile Flower
64%
A-TEEN
63%
Damage
63%
Your Choice Heaven's Cloud
63%
Jam Jam
63%
Lilili Yabbay
63%
Back 2 Back
62%
Destiny
62%
Hug
62%
MY I
62%
w/ JinJinBeWater_隼 Orbit
62%
Sara Sara
62%
Shhh
62%
Imperfect love
61%
Leftover
61%
LIMBO
61%
Wave
61%
247
60%
Back It Up
60%
VERNON Black Eye
60%
God of Light Music
60%
Healing
60%
IF you leave me
60%
YOU MAKE MY DAY Oh My!
60%
Side By Side
60%
'bout you
59%
Fast Pace
59%
Flower
59%
HEY BUDDY
59%
Hit Song
59%
AH! LOVE
57%
Ah Yeah
57%
ECHO!
57%
Same dream, same mind, same night
57%
All My Love
56%
Happy Ending
56%
If I
56%
Let me hear you say
56%
MOONWALKER
56%
Swimming Fool
56%
Network Love
55%
DIRECTOR'S CUT Thinkin' about you
55%
Worth it
55%
Worth It
55%
CxM [S.Coups x Mingyu] Fiesta
54%
I can't run away
54%
ROCKET
54%
Second Life
54%
SIMPLE
54%
9-TEEN
53%
Chilli
53%
I Wish
53%
Not Alone
53%
w/ Yoon Jong Shin Chocolate
52%
w/ PinkPantheress Illegal
52%
Lean On Me
52%
Come to me
51%
Earth
51%
Happy Alone
51%
Say Yes
49%
Dandelion
48%
What kind of future
48%
w/ VERNON 54321 (Lift Off)
47%
Check-In
47%
Crazy in Love
47%
ALWAYS YOURS Ima- Even If The World Ends Tomorrow
47%
OMG
47%
Don't listen in secret
46%
Hai Cheng
46%
Lie Again
46%
Power of Love
46%
w/ New Kids On The Block,Dem Jointz Dirty Dancing
45%
BOYS BE Fronting
45%
Singles Q&A
45%
Space
45%
When I Grow Up
45%
Young again
45%
BRING IT
44%
LOVE&LETTER Chuck
43%
Hello
43%
DINO ICARUS
43%
Lucky
43%
Love&Letter[repackage] NO F.U.N
43%
Without You
43%
Silent Boarding Gate
41%
w/ Pink Sweat$ 17
40%
Crow
40%
Falling For You
40%
I Don't Know
40%
TEEN, AGE Intro. New World
39%
Love Song
39%
Still Lonely
39%
The Reason
38%
w/ Charli xcx Beg For You
37%
Cold Love
37%
Drift Away
36%
WONWOO GOGAE
36%
Outro. Incompletion
36%
w/ Epik High Screen Time
36%
What's Good
36%
For you
34%
Short Hair
33%
SWEETEST THING
33%
w/ Slander Love Is Gone
32%
Shohikigen
32%
w/ Pledis girlz Sickness
32%
w/ tobi lou Looped Up
30%
w/ Lee Seung Gi, ... Our Vacation
29%
w/ G-DRAGON, variousartists... Good Day 2025
28%
w/ Yang Da II Cinematic Love
26%
w/ Don Mills Lotto
26%
SEUNGKWAN Pit a Pat
26%
The Moment You Arrive
26%
WOOZI Miracle
25%
Til My Fingers Bleed
25%
THE 8 Maze
24%
w/ Omega Sapien Wrecker
24%
w/ Shingo Katori BETTING
21%
Exclusive Fairytale
20%
w/ (sic)boy, KM Miss You
20%
Is It Still Beautiful
18%
Still You
18%
w/ GALI Star Crossing Night
17%
TAKE A SHOT
17%
JOSHUA SHINGIRU
16%
JEONGHAN Better Half (feat. Omoinotake)
15%
Lonely Stars
15%
DOKYEOM Missed Connections
15%
The Reasons of My Smiles
15%
Warrior
15%
Where Love Passed
15%
A Bite of Summer
14%
Kind of love
13%
It's You
11%
w/ Bumzu Bucket List
10%
Goddess of Despair
10%
Somewhere in This Universe
10%
Sorry
10%
w/ Kanto YOSM
10%
Fly! Birdy Friends
8%
w/ Bumzu I Need You
8%
Fall in Love
7%
Run Like Gump
7%
Die Schatten Werden Laenger
6%
Mom's Missed Call
5%
JUN Can You Sit By My Side
3%
No matching quizzes found
Score Distribution
Percent of People with Each Score
Percentile by Number Answered
Your Score History
You have not taken this quiz